La "Relación Exacta" versificada de la expedición de Cevallos a Santa Catalina y el Plata (Record no. 168964)

MARC details
000 -LEADER
campo de control de longitud fija 00868nam a22002175i 4500
001 - NÚMERO DE CONTROL
campo de control 168964
003 - IDENTIFICADOR DE NÚMERO DE CONTROL
campo de control ES-MaACL
005 - FECHA Y HORA DE LA ÚLTIMA TRANSACCIÓN
campo de control 20251009170253.0
008 - DATOS DE LONGITUD FIJA--INFORMACIÓN GENERAL
campo de control de longitud fija 080709s1974 sp |||| | spa d
080 ## - NÚMERO DE LA CLASIFICACIÓN DECIMAL UNIVERSAL
Número de la Clasificación Decimal Universal 929 Cevallos, Pedro Antonio de
080 ## - NÚMERO DE LA CLASIFICACIÓN DECIMAL UNIVERSAL
Número de la Clasificación Decimal Universal 94(82+899)"17"
100 1# - ENTRADA PRINCIPAL--NOMBRE DE PERSONA
Nombre de persona Abadie-Aicardi, Aníbal,
9 (RLIN) 17952
245 14 - MENCIÓN DEL TÍTULO
Título La "Relación Exacta" versificada de la expedición de Cevallos a Santa Catalina y el Plata
Resto del título : (1776-1777) /
Mención de responsabilidad, etc. por Aníbal Abadie-Aicardi.
260 ## - PUBLICACIÓN, DISTRIBUCIÓN, ETC.
Lugar de publicación, distribución, etc. Sevilla :
Nombre del editor, distribuidor, etc. C.E.H.A.,
Fecha de publicación, distribución, etc. 1974.
300 ## - DESCRIPCIÓN FÍSICA
Extensión p. 153-194 ;
Dimensiones 24 cm.
500 ## - NOTA GENERAL
Nota general Separata de: Historiografía y bibliografía americanistas. vol. XVIII, núms. 2-3, Sevilla 1974.
600 17 - PUNTO DE ACCESO ADICIONAL DE MATERIA--NOMBRE DE PERSONA
Nombre de persona Cevallos, Pedro Antonio de,
Fechas asociadas al nombre 1715-1778
Fuente del encabezamiento o término
9 (RLIN) 138086
651 #4 - PUNTO DE ACCESO ADICIONAL DE MATERIA--NOMBRE GEOGRÁFICO
Nombre geográfico Río de la Plata (Virreinato)-
Subdivisión de forma Historia.
9 (RLIN) 137351
852 ## - LOCALIZACIÓN
Ubicación ES-MaACL
Número de control de estantería 2232-F-4
itemnumber R.143798
Holdings
Estatus retirado Estado de pérdida Estado de daño No para préstamo Colección Biblioteca de origen Biblioteca actual Ubicación en estantería Fecha de adquisición Fuente de adquisición Total de préstamos Signatura topográfica completa Código de barras Visto por última vez Precio de reemplazo Tipo de ítem Koha
        Colección de folletos Biblioteca del Ateneo de Madrid Biblioteca del Ateneo de Madrid Depósito folletos 09/07/2008     2232-F-4 1177334 23/02/2023 23/02/2023 Folleto